书目信息 |
| 题名: |
感悟平常心
|
|
| 作者: | 欧阳逸云 编著 | |
| 分册: | ||
| 出版信息: | 北京 中国城市出版社 1998 |
|
| 页数: | 420页 | |
| 开本: | 20cm | |
| 丛书名: | ||
| 单 册: | ||
| 中图分类: | B912.6 , C912.6 | |
| 科图分类: | ||
| 主题词: | 人生哲学 , 社会结构 , 社会关系 | |
| 电子资源: | ||
| ISBN: | 7-5074-1003-X | |
| 000 | 00764nam0 2200265 450 | |
| 001 | 1238621843 | |
| 005 | 20121026094633.62 | |
| 010 | @a7-5074-1003-X@dCNY26.80 | |
| 100 | @a19980412d1998 emky0chiy0110 ea | |
| 101 | 0 | @achi |
| 102 | @aCN@b110000 | |
| 105 | @ay z 000yy | |
| 200 | 1 | @a感悟平常心@Agan wu ping chang xin@e人生八大平常心态全解@f欧阳逸云编著 |
| 210 | @a北京@c中国城市出版社@d1998 | |
| 215 | @a420页@d20cm | |
| 300 | @a中国人的生存哲学 | |
| 517 | 1 | @a人生八大平常心态全解@Aren sheng ba da ping chang xin tai quan jie |
| 606 | 0 | @a人生哲学 |
| 606 | 0 | @a社会结构 |
| 606 | 0 | @a社会关系 |
| 690 | @aB912.6@v3 | |
| 690 | @aC912.6@v4 | |
| 701 | 0 | @a欧阳逸云@Aou yang yi yun@4编著 |
| 801 | 0 | @aCN@bNLC@c20101222 |
| 905 | @a10447@dC912.6@eJY9 | |
| 感悟平常心:人生八大平常心态全解/欧阳逸云编著.-北京:中国城市出版社,1998 |
| 420页;20cm |
| 中国人的生存哲学 |
| ISBN 7-5074-1003-X:CNY26.80 |
| ● |
| 相关链接 |
|
|
|
|
正题名:感悟平常心
索取号:C912.6/JY9
 
预约/预借
| 序号 | 登录号 | 条形码 | 馆藏地/架位号 | 状态 | 备注 |
| 1 | 7811114 | 278111142 | 学院路分馆/ [索取号:C912.6/JY9] | 在馆 | |
| 2 | 7811115 | 278111151 | 学院路分馆/ [索取号:C912.6/JY9] | 在馆 | |
| 3 | 7811116 | 278111160 | 学院路分馆/ [索取号:C912.6/JY9] | 在馆 | |
| 4 | 7811117 | 278111179 | 学院路分馆/ [索取号:C912.6/JY9] | 在馆 |